ఆంధ్ర నగరాలు - ఆకస్మిక మరణం - Statistics

General Stats
  • This quiz has been taken 26 times
    13 since last reset
  • The average score is 14 of 19
Answers on the Grid
Answers color-coded by a green-red scale on the quiz's grid according to % correct below.
విశాఖపట్నం
రాజమహేంద్రవరం
ఓరుగల్లు
కరీంనగరము
విజయవాడ
బెంగళూరు
గుంటూరు
తిరుపతి
పుట్టపర్తి
ఖమ్మం
మంగళూరు
ఒంగోలు
ఏలూరు
కడప
చీరాల
హుబ్బళి
నాగర్‌కర్నూలు
హైదరాబాదు
వికారాబాదు
తాడేపల్లిగూడెం
నిజామాబాదు
హనంకొండ
రాయచోటి
శ్రీకాళహస్తి
దొనకొండ
భీమవరం
రామేశ్వరం
అనకాపల్లి
తిరుచిరాపల్లి
చెన్నపట్నం
వెల్లూరు
ఇచ్చాపురం
నల్గొండ
విజయనగరం
సూర్యాపేట
నరసరావుపేట
ఆదిలాబాదు
మంచిర్యాల
కన్యాకుమారి
రామగుండం
 
Answer Stats
Answer % Correct
విశాఖపట్నం
100%
రాజమహేంద్రవరం
100%
విజయవాడ
100%
గుంటూరు
100%
తిరుపతి
100%
పుట్టపర్తి
100%
ఒంగోలు
100%
ఏలూరు
100%
కడప
100%
తాడేపల్లిగూడెం
100%
చీరాల
50%
రాయచోటి
50%
శ్రీకాళహస్తి
50%
భీమవరం
50%
అనకాపల్లి
50%
విజయనగరం
50%
నరసరావుపేట
50%
దొనకొండ
0%
ఇచ్చాపురం
0%
No matching quizzes found
Score Distribution
Percent of People with Each Score
Percentile by Number Answered
Your Score History
You have not taken this quiz since the last reset